00682nam a2200241 a 4500001001300000003000900013005001700022008004100039020001000080082001800090100002600108245003700134260003300171300000900204500003500213505001900248650001600267700002600283902000800309942000700317952009900324999001700423nice12345678IN_TiNIC20260116013345.0050524s1993 dela grp 000 0 eng  ac45000a891.4391bMAH aMahmud, Sayyid Fayyaz aGhalibb a Critical Introduction aDelhibAdam Publishersc1993 a512p aincludes index and biblioraphy2 areprinted 1993 aUrdu-Poetry1 aMahmud, Sayyid Fayyaz bSRS cBK 00104070aHMIbHMId2007-06-25g450.00l0o891.4391 MAHp017721r2007-06-25w2026-01-16yEB c10693d10693